Kıtalara Göre En Yoksul Beş Ülke - Statistics

General Stats
  • This quiz has been taken 1 379 times
  • The average score is 9 of 30
Answer Stats
Kıta Kişi başına GSYİH Ülke % Correct
Avrupa $8,920 Moldova
48%
Güney Amerika $5,040 Venezuela
48%
Afrika $771 Burundi
46%
Avrupa $11,600 Kosova
46%
Afrika $891 Somali
44%
Asya $2,100 Afganistan
42%
Güney Amerika $13,200 Peru
41%
Güney Amerika $13,700 Paraguay
39%
Avrupa $15,900 Bosna-Hersek
38%
Avrupa $15,200 Arnavutluk
37%
Güney Amerika $8,880 Bolivya
36%
Güney Amerika $11,200 Ekvador
34%
Asya $2,750 Suriye
34%
Kuzey Amerika $5,730 Honduras
31%
Avrupa $13,300 Ukrayna
30%
Kuzey Amerika $2,960 Haiti
27%
Asya $1,550 Kuzey Kore
26%
Kuzey Amerika $5,520 Nikaragua
26%
Kuzey Amerika $6,490 Belize
24%
Kuzey Amerika $8,690 Guatemala
23%
Asya $2,100 Yemen
20%
Okyanusya $2,220 Kiribati
19%
Okyanusya $3,050 Mikronezya FD
19%
Okyanusya $2,360 Solomon Adaları
17%
Okyanusya $3,520 Marshall Adaları
16%
Asya $3,120 Doğu Timor
15%
Okyanusya $2,600 Vanuatu
14%
Afrika $1,010 Orta Afrika Cumhuriyeti
13%
Afrika $1,100 Malavi
12%
Afrika $1,030 Güney Afrika
9%
No matching quizzes found
Score Distribution
Percent of People with Each Score
Percentile by Number Answered
Your Score History
You have not taken this quiz